000 00519nam a2200181Ia 4500
005 20250508160453.0
008 008 250505s9999 xx 000 0 eng d
037 _aTextual
040 _aFEDL
_beng
_cFEDL
041 _aeng
_2eng
084 _a304.6, DES
_qFEDL
100 _aDesai P. B.
245 0 _aSize and sex composition of population in India 1901-1961
260 _aBombay, India
_bAsia Publishing House
_c1969
300 _a263p.
942 _cTEXL
_h304.6, DES
999 _c1364797
_d1364797